Statystyki dla Zgadnij czyja to płyta (Polski rap)

Kliknij tutaj aby rozwiązać quiz!

Ogólne statystyki

  • Ten quiz został rozwiązany 1 229 razy
  • Średni wynik to 16 z 25

Statystyki odpowiedzi

PłytaOdpowiedź% Poprawnych
RockstarWhite 2115
93%
Nowy KolorOtsochodzi
92%
BORutoSzpaku
92%
ErotykaQuebonafide
91%
Soma 0,5mgTACONAFIDE
91%
Cafe BelgaTaco Hemingway
90%
H8M4Białas
86%
EVIL_THINGSGuzior
80%
NaaajakMalik Montana
79%
Fake LoveSmolasty
79%
KrukReto
77%
PlanszeJan rapowanie
72%
Klub 27Solar
67%
VanillaHajsTede
67%
TrappistYoung Igi
66%
TrapstarYoung Multi
62%
777Zeamsone
61%
Nowy PopBeteo
57%
BlackoutKartky
55%
Trzecie RzeczyKękę
55%
High QualityWac Toja
32%
KoshAdi Nowak
29%
Tape Of The NInjaDeys
25%
Myślisz jeszcze?Kuban
21%
Totalnie nic mixtapeSB Maffija
17%

Rozkład punktacji

Percentyl według liczby udzielonych odpowiedzi

Procent ludzi z każdym wynikiem

Twoja historia wyników

Nie rozwiązałeś tego quizu